00393nam a2200157Ia 4500003000400000008004100004040001600045082001300061100002900074245005100103260003300154300001000187650001000197650001000207650001800217GCL140319s9999 xx 000 0 eng d aGCL / cGCL04a952bH T1 aHOIKUSHA PUBLISHING CO.,10aTOKYO NIKKO, FUJI / cHOIKUSHA PUBLISHING CO., a[S.N] : bHOIKUSHA ، c1990 a122 P04aJAPAN04aTOKYO04aCITIES, JAPAN